Temple Football: Top 10 All-Time Leaders - Statistics

General Stats
  • This quiz has been taken 4 times
  • The average score is 25 of 63
Answer Stats
Category # Player Amount % Correct
Passing Yards 1 P.J. Walker 10,669
100%
Rushing Yards 2 Bernard Pierce 3,570
67%
Passing Yards 4 E.J. Warner 6,104
67%
Sacks T6 Haason Reddick 18.0
67%
Rushing Yards 7 Jahad Thomas 2,599
67%
Interceptions T10 Jaiquawn Jarrett 9
67%
Rushing Yards 5 Matt Brown 2,647
67%
Sacks T8 Muhammad Wilkerson 17.5
67%
Rushing Yards 1 Paul Palmer 4,895
67%
Receiving Yards 9 Robbie Chosen 1,730
67%
Tackles 1 Tyler Matakevich 493
67%
Receiving Yards 5 Van Johnson 1,869
67%
Passing Yards 7 Adam DiMichele 5,024
33%
Sacks 4 Adrian Robinson 24.0
33%
Tackles 4 Alshermond Singleton 390
33%
Rushing Yards 6 Anthony Anderson 2,610
33%
Passing Yards 3 Anthony Russo 6,287
33%
Interceptions 1 Anthony Young 20
33%
Interceptions T6 Bob Mizia 11
33%
Interceptions T3 Bob Salla 13
33%
Receiving Yards 7 Branden Mack 1,819
33%
Passing Yards 10 Brian Broomell 3,902
33%
Receiving Yards 3 Bruce Francis 2,035
33%
Interceptions T10 Chonn Lacey 9
33%
Sacks T2 Dan Klecko 26.0
33%
Interceptions 5 Delvon Randall 12
33%
Passing Yards 8 Devin Scott 3,947
33%
Interceptions T10 Dominique Harris 9
33%
Passing Yards 9 Doug Shobert 3,913
33%
Receiving Yards 4 Gerald Lucear 1,882
33%
Sacks 1 Guy Peters 32.0
33%
Passing Yards 2 Henry Burris 7,495
33%
Rushing Yards 9 Henry Hynoski 2,218
33%
Sacks T8 Jeffrey Ward 17.5
33%
Tackles 6 Joe Klecko 373
33%
Sacks T10 Junior Galette 17.0
33%
Interceptions T3 Kevin Ross 13
33%
Tackles 3 Lance Johnstone 429
33%
Passing Yards 6 Lee Saltz 5,371
33%
Tackles 7 LeVar Talley 348
33%
Tackles 10 Loranzo Square 315
33%
Rushing Yards 10 Mark Bright 1,943
33%
Interceptions 2 Mark McCants 15
33%
Tackles 8 Mike Curcio 332
33%
Passing Yards 5 Mike McGann 5,967
33%
Sacks 5 Praise Martin-Oguike 19.0
33%
Sacks T2 Quincy Roche 26.0
33%
Tackles 9 Rian Wallace 325
33%
Receiving Yards 10 Rich Drayton 1,693
33%
Rushing Yards 4 Ryquell Armstead 2,812
33%
Interceptions T6 Sam Shaffer 11
33%
Interceptions T8 Sean Chandler 10
33%
Tackles 2 Steve Conjar 492
33%
Rushing Yards 3 Tanardo Sharps 3,260
33%
Tackles 5 Taylor Suman 389
33%
Interceptions T8 Terrance Leftwich 10
33%
Sacks T6 Tim Hanley 18.0
33%
Rushing Yards 8 Todd McNair 2,383
33%
Receiving Yards 8 Troy Kersey 1,780
33%
Receiving Yards 1 Ventell Bryant 2,444
33%
Sacks T10 Vinnie Mini 17.0
33%
Receiving Yards 2 Willie Marshall 2,272
33%
Receiving Yards 6 Zamir Cobb 1,856
33%
No matching quizzes found
Score Distribution
Percent of People with Each Score
Percentile by Number Answered
Your Score History
You have not taken this quiz